Corporate Restructuring Through Disinvestment: An Indian Perspective (Record no. 697)

MARC details
005 - DATE AND TIME OF LATEST TRANSACTION
control field 20250315090746.0
020 ## - INTERNATIONAL STANDARD BOOK NUMBER
International Standard Book Number 978-81-224-2162-0
082 ## - DEWEY DECIMAL CLASSIFICATION NUMBER
Classification number 340 SIN
100 ## - MAIN ENTRY--PERSONAL NAME
Author name SINGH, H.
245 ## - TITLE STATEMENT
Title Corporate Restructuring Through Disinvestment: An Indian Perspective
260 ## - PUBLICATION, DISTRIBUTION, ETC.
Place of publication, distribution, etc. New Delhi,
Name of publisher, distributor, etc. New Age International Limited,
Date of publication, distribution, etc. 2007.
300 ## - PHYSICAL DESCRIPTION
Extent xix, 140p.: ill.; graph, table.
Other physical details Glossary, References.
Dimensions 25cm.
942 ## - ADDED ENTRY ELEMENTS (KOHA)
Source of classification or shelving scheme Dewey Decimal Classification
Koha item type Books
Holdings
Date last seen Total checkouts Full call number Barcode Cost, replacement price Price effective from Koha item type Lost status Source of classification or shelving scheme Damaged status Not for loan Withdrawn status Home library Current library Shelving location Date acquired Cost, normal purchase price
03/15/2025   340 SIN 0000002773 30000.00 03/15/2025 Books   Dewey Decimal Classification       College of Business Education Main Library College of Business Education Main Library General Collection 03/15/2025 10000.00
03/15/2025   340 SIN 0000002774 30000.00 03/15/2025 Books   Dewey Decimal Classification       College of Business Education Main Library College of Business Education Main Library General Collection 03/15/2025 10000.00
03/15/2025   340 SIN 0000002775 30000.00 03/15/2025 Books   Dewey Decimal Classification       College of Business Education Main Library College of Business Education Main Library General Collection 03/15/2025 10000.00